[Event "zonal 1.6"]
[Site "Samara RUS"]
[Date "2000.06.18"]
[Round "2"]
[White "Loginov, Valery"]
[Black "Burmakin, Vladimir"]
[Result "1/2-1/2"]
[WhiteElo "2512"]
[BlackElo "2567"]
[EventDate "2000.06.03"]
[PlyCount "64"]

1.Nf3 d5 2.d4 c6 3.c4 Nf6 4.Nc3 e6 5.Bg5 Nbd7 6.e3 Qa5 7.cxd5 Nxd5 8.Qd2 
Nxc3 9.bxc3 Bd6 10.Bd3 e5 11.O-O O-O 12.Bh4 Re8 13.Qc2 h6 14.Bg3 Qc7 15.
Rfe1 b6 16.Bh7+ Kh8 17.Bf5 exd4 18.exd4 Rxe1+ 19.Rxe1 Nf6 20.Bh4 Bxf5 21.
Qxf5 Qd7 22.Qxd7 Nxd7 23.Be7 Bc7 24.Ba3 Kg8 25.Re7 Rd8 26.Kf1 Bb8 27.g3 c5
28.dxc5 bxc5 29.Re4 Bc7 30.Re2 Ba5 31.c4 Rb8 32.Ne5 Nxe5 1/2-1/2

[Event "zonal 1.6"]
[Site "Samara RUS"]
[Date "2000.06.18"]
[Round "2"]
[White "Yevseev, Denis"]
[Black "Yakovich, Yury"]
[Result "1/2-1/2"]
[WhiteElo "2496"]
[BlackElo "2580"]
[EventDate "2000.06.03"]
[PlyCount "38"]

1.d4 d5 2.c4 dxc4 3.e3 e6 4.Bxc4 c5 5.Nf3 a6 6.O-O Nf6 7.Bb3 cxd4 8.exd4 
Nc6 9.Nc3 Be7 10.Re1 O-O 11.Bf4 Na5 12.Bc2 b5 13.d5 exd5 14.Bg5 Nc6 15.
Bxf6 Bxf6 16.Nxd5 g6 17.Nxf6+ Qxf6 18.Be4 Bf5 19.Bxc6 Qxc6 1/2-1/2

[Event "zonal 1.6"]
[Site "Samara RUS"]
[Date "2000.06.18"]
[Round "2"]
[White "Smikovsky, Ivan"]
[Black "Bezgodov, Alexei"]
[Result "1/2-1/2"]
[WhiteElo "2492"]
[BlackElo "2576"]
[EventDate "2000.06.03"]
[PlyCount "24"]

1.e4 e5 2.Nf3 Nc6 3.Bb5 a6 4.Bxc6 dxc6 5.O-O f6 6.d4 Bg4 7.dxe5 Qxd1 8.
Rxd1 fxe5 9.Nbd2 O-O-O 10.Re1 Bd6 11.h3 Bh5 12.Nh4 Bf7 1/2-1/2

[Event "zonal 1.6"]
[Site "Samara RUS"]
[Date "2000.06.18"]
[Round "2"]
[White "Ulybin, Mikhail"]
[Black "Bocharov, Dmitry"]
[Result "1-0"]
[WhiteElo "2580"]
[BlackElo "2475"]
[EventDate "2000.06.03"]
[PlyCount "77"]

1.d4 d5 2.c4 c6 3.Nf3 Nf6 4.Nc3 e6 5.g3 dxc4 6.Bg2 Nbd7 7.O-O b5 8.e4 Bb7 
9.e5 Nd5 10.Ng5 Be7 11.Qh5 g6 12.Qh6 Bf8 13.Qh3 Be7 14.Qh6 Bf8 15.Qh3 Be7 
16.Nce4 Qb6 17.Be3 Qc7 18.a4 h6 19.axb5 cxb5 20.Nxe6 fxe6 21.Nf6+ Bxf6 22.
Qxe6+ Be7 23.Bxd5 Bxd5 24.Qxd5 O-O-O 25.Qa8+ Qb8 26.Qc6+ Qc7 27.Qa8+ Qb8 
28.Qc6+ Qc7 29.Qxc7+ Kxc7 30.Rxa7+ Kb8 31.Rfa1 Rhe8 32.e6 Nb6 33.Bf4+ Bd6 
34.e7 Bxf4 35.exd8=Q+ Rxd8 36.gxf4 Rxd4 37.Rg7 Na4 38.Re1 Rd8 39.Re5 1-0

[Event "zonal 1.6"]
[Site "Samara RUS"]
[Date "2000.06.18"]
[Round "2"]
[White "Zviagintsev, Vadim"]
[Black "Varavin, Viktor"]
[Result "1-0"]
[WhiteElo "2641"]
[BlackElo "2410"]
[EventDate "2000.06.03"]
[PlyCount "87"]

1.d4 Nf6 2.Nf3 d6 3.g3 Nc6 4.Bg2 e5 5.dxe5 dxe5 6.Qxd8+ Kxd8 7.O-O Bf5 8.
c4 Bxb1 9.Rxb1 a5 10.a3 Nd7 11.Be3 f6 12.Rfd1 Ke8 13.Rd5 Rd8 14.Rbd1 Ndb8 
15.Nd2 Be7 16.Ne4 b6 17.Nc3 Na6 18.Nb5 Ncb8 19.Rxd8+ Bxd8 20.f4 exf4 21.
gxf4 Be7 22.Kf1 Bc5 23.Bxc5 bxc5 24.Bb7 Ke7 25.Na7 Rd8 26.Rxd8 Kxd8 27.
Bxa6 Nxa6 28.Nc6+ Kd7 29.Nxa5 g5 30.Kf2 Ke6 31.Kf3 Kf5 32.e4+ Ke6 33.Nb3 
Kd6 34.Nc1 Nb8 35.Nd3 Nc6 36.e5+ Ke6 37.exf6 Kxf6 38.Nxc5 Kf5 39.fxg5 Ne5+
40.Kg3 Kxg5 41.Ne6+ Kf5 42.Nxc7 Nxc4 43.a4 Ke5 44.b4 1-0

[Event "zonal 1.6"]
[Site "Samara RUS"]
[Date "2000.06.18"]
[Round "2"]
[White "Fominykh, Alexander"]
[Black "Sapunov, Evgeny"]
[Result "1/2-1/2"]
[WhiteElo "2551"]
[BlackElo "2498"]
[EventDate "2000.06.03"]
[PlyCount "65"]

1.Nf3 Nf6 2.c4 g6 3.d4 Bg7 4.g3 O-O 5.Bg2 d6 6.O-O Nc6 7.Nc3 a6 8.e3 e5 9.
d5 Nb8 10.Ne1 a5 11.Nd3 Na6 12.e4 Nb4 13.f4 exf4 14.gxf4 Nh5 15.Ne1 f5 16.
a3 Na6 17.Nd3 Bxc3 18.bxc3 fxe4 19.Bxe4 Bf5 20.Nf2 Qh4 21.Bxf5 gxf5 22.Qf3
Kf7 23.Qh3 Rg8+ 24.Kh1 Qxh3 25.Nxh3 h6 26.Be3 Ng3+ 27.hxg3 Rxg3 28.Bd4 
Rxh3+ 29.Kg2 Rd3 30.Rh1 Rg8+ 31.Kf2 Nc5 32.Bxc5 dxc5 33.Rab1 1/2-1/2

[Event "zonal 1.6"]
[Site "Samara RUS"]
[Date "2000.06.18"]
[Round "2"]
[White "Rustemov, Alexander"]
[Black "Zakharevich, Igor"]
[Result "1/2-1/2"]
[WhiteElo "2553"]
[BlackElo "2486"]
[EventDate "2000.06.03"]
[PlyCount "119"]

1.d4 Nf6 2.Nf3 g6 3.c4 Bg7 4.g3 O-O 5.Bg2 d6 6.Nc3 Nbd7 7.O-O e5 8.e4 exd4
9.Nxd4 Re8 10.h3 Nc5 11.Re1 c6 12.Qc2 d5 13.cxd5 cxd5 14.Nxd5 Nfxe4 15.Nb5
Bf5 16.Ndc7 Nxg3 17.Rxe8+ Qxe8 18.Nxe8 Bxc2 19.Nxg7 Ne2+ 20.Kh2 Kxg7 21.
Be3 Ne6 22.a4 N2f4 23.Bxb7 Rb8 24.Ba6 Be4 25.b3 h5 26.h4 f6 27.Rc1 Nd3 28.
Rc8 Rxc8 29.Bxc8 Nec5 30.Nc3 Bc6 31.a5 Nxb3 32.a6 Nbc5 33.f4 Kf7 34.Kg3 
Ke7 35.Bd4 f5 36.Bb7 Nxb7 37.axb7 Bxb7 38.Bxa7 Ke6 39.Nb5 Nb4 40.Nd4+ Kf7 
41.Bc5 Nd5 42.Nf3 Nc3 43.Ng5+ Ke8 44.Kf2 Nb5 45.Ke3 Bd5 46.Bd4 Kd7 47.Be5 
Kc6 48.Nh7 Na3 49.Bg7 Bg8 50.Nf8 Bf7 51.Kd4 Kd6 52.Be5+ Ke7 53.Nh7 Nc2+ 
54.Kd3 Nb4+ 55.Kc3 Nc6 56.Ng5 Bg8 57.Bc7 Kd7 58.Be5 Kc8 59.Bd4 Bd5 60.Bc5 
1/2-1/2

[Event "zonal 1.6"]
[Site "Samara RUS"]
[Date "2000.06.18"]
[Round "2"]
[White "Totsky, Leonid"]
[Black "Kosyrev, Vladimir"]
[Result "1/2-1/2"]
[WhiteElo "2524"]
[BlackElo "2474"]
[EventDate "2000.06.03"]
[PlyCount "54"]

1.e4 e6 2.d3 d5 3.Qe2 Nf6 4.Nf3 c5 5.g3 b6 6.e5 Nfd7 7.Bg2 Bb7 8.O-O Nc6 
9.c4 d4 10.h4 Qc7 11.Na3 a6 12.Re1 Be7 13.Nc2 h6 14.a3 O-O-O 15.Rb1 g5 16.
hxg5 hxg5 17.Bxg5 Bxg5 18.Nxg5 Ncxe5 19.f4 Bxg2 20.Kxg2 Rdg8 21.Rh1 Qb7+ 
22.Nf3 Ng4 23.Rxh8 Rxh8 24.Rh1 Rxh1 25.Kxh1 b5 26.cxb5 Qxb5 27.b4 Qxd3 
1/2-1/2

[Event "zonal 1.6"]
[Site "Samara RUS"]
[Date "2000.06.18"]
[Round "2"]
[White "Naer, Evgeny"]
[Black "Sergienko, Sergei"]
[Result "1/2-1/2"]
[WhiteElo "2572"]
[BlackElo "2425"]
[EventDate "2000.06.03"]
[PlyCount "46"]

1.d4 Nf6 2.Nf3 g6 3.c4 Bg7 4.Nc3 d5 5.cxd5 Nxd5 6.e4 Nxc3 7.bxc3 c5 8.Rb1 
O-O 9.Be2 Nd7 10.O-O Nf6 11.Bd3 b6 12.Re1 Qc7 13.d5 c4 14.Bf1 Ng4 15.h3 
Ne5 16.Bf4 Bd7 17.Nxe5 Bxe5 18.Bxe5 Qxe5 19.Qd2 Rac8 20.f4 Qd6 21.Qe3 f5 
22.exf5 Bxf5 23.Rbd1 Rc7 1/2-1/2

[Event "zonal 1.6"]
[Site "Samara RUS"]
[Date "2000.06.18"]
[Round "2"]
[White "Maliutin, Evgeny"]
[Black "Sveshnikov, Evgeny"]
[Result "1-0"]
[WhiteElo "2451"]
[BlackElo "2541"]
[EventDate "2000.06.03"]
[PlyCount "123"]

1.d4 d5 2.c4 c6 3.cxd5 cxd5 4.Bf4 Nc6 5.e3 Nf6 6.Nc3 e6 7.Bd3 Be7 8.h3 O-O
9.Nf3 Bd7 10.O-O Qb6 11.a3 Rfc8 12.Qe2 a6 13.g4 Be8 14.Rfd1 Na7 15.g5 Nd7 
16.e4 dxe4 17.Qxe4 Nf8 18.Nd5 exd5 19.Qxe7 Ne6 20.Bh2 Nc6 21.Qd6 Rd8 22.
Qg3 Ncxd4 23.Nxd4 Nxd4 24.Qe3 Ba4 25.Be5 Bxd1 26.Bxd4 Qe6 27.Rxd1 Qxe3 28.
fxe3 Rac8 29.Kf2 Rc6 30.Rg1 Rdc8 31.Bc3 b5 32.Ke2 Rxc3 33.bxc3 Rxc3 34.Ra1
g6 35.Kd2 Rc5 36.Rc1 Rxc1 37.Kxc1 h6 38.gxh6 Kh7 39.Bf1 Kxh6 40.Bg2 a5 41.
Bxd5 f5 42.Kd2 Kg5 43.Bf7 b4 44.a4 Kf6 45.Bb3 g5 46.Bd1 Ke5 47.Kd3 Kd5 48.
Bf3+ Ke5 49.Kc4 Kd6 50.Bd1 Ke5 51.Kb5 Kd5 52.Bb3+ Kd6 53.Bd1 Kd5 54.Bf3+ 
Kd6 55.Kc4 Ke5 56.Kd3 Kd6 57.e4 f4 58.Kd4 Ke6 59.Bd1 Kd6 60.e5+ Ke6 61.Ke4
Ke7 62.Kf5 1-0

[Event "zonal 1.6"]
[Site "Samara RUS"]
[Date "2000.06.18"]
[Round "2"]
[White "Riazantsev, Alexander"]
[Black "Voitsekhovsky, Stanislav"]
[Result "1/2-1/2"]
[WhiteElo "2442"]
[BlackElo "2546"]
[EventDate "2000.06.03"]
[PlyCount "141"]

1.d4 Nf6 2.c4 e6 3.Nf3 b6 4.a3 Ba6 5.e3 d5 6.Nbd2 Be7 7.Qa4+ c6 8.cxd5 
Bxf1 9.Nxf1 Qxd5 10.Ng3 Nbd7 11.O-O O-O 12.Bd2 c5 13.Rad1 Rfc8 14.Qb5 cxd4
15.Qxd5 Nxd5 16.Nxd4 Nc5 17.Nge2 Bf6 18.Bc1 a6 19.f3 b5 20.Kf2 g6 21.e4 
Nb6 22.Nc3 Nca4 23.Nxa4 Nxa4 24.Ke3 Rc4 25.b3 Rc3+ 26.Ke2 Nc5 27.Bb2 Bxd4 
28.Rxd4 Rc2+ 29.Rd2 Rxd2+ 30.Kxd2 Nxb3+ 31.Ke2 Kf8 32.Bf6 Ke8 33.Rd1 Nc5 
34.Rd6 Nd7 35.Bh4 Ne5 36.Bf6 Nc4 37.Rd3 Rb8 38.Kd1 Nb6 39.Bh4 Nd7 40.Rc3 
a5 41.Rc7 Nb6 42.Bf6 Nd7 43.Bh4 h6 44.Kc2 g5 45.Be1 a4 46.Bg3 Rb6 47.Kc3 
f5 48.Kb4 f4 49.Bf2 Rd6 50.Rc2 Rd3 51.Kxb5 Rxa3 52.Kb4 Ra1 53.Bd4 Rd1 54.
Bb2 h5 55.h3 g4 56.hxg4 hxg4 57.fxg4 Re1 58.Kxa4 Rxe4+ 59.Kb5 Ne5 60.Bxe5 
Rxe5+ 61.Kc4 Kf7 62.Rf2 Re4+ 63.Kd3 Re3+ 64.Kd2 e5 65.Rf3 Re4 66.g3 Kg6 
67.gxf4 exf4 68.Kd3 Ra4 69.Ke2 Ra2+ 70.Kf1 Kg5 71.Rc3 1/2-1/2

[Event "zonal 1.6"]
[Site "Samara RUS"]
[Date "2000.06.18"]
[Round "2"]
[White "Ivanov, Sergei"]
[Black "Tunik, Gennady"]
[Result "1-0"]
[WhiteElo "2543"]
[BlackElo "2442"]
[EventDate "2000.06.03"]
[PlyCount "125"]

1.d4 Nf6 2.c4 e6 3.Nf3 b6 4.a3 Ba6 5.Qc2 Bb7 6.Nc3 c5 7.e4 cxd4 8.Nxd4 d6 
9.Be2 a6 10.Be3 Qc7 11.O-O Nbd7 12.Rac1 Rc8 13.Rfd1 Qb8 14.f3 Be7 15.Bf1 
O-O 16.Qf2 Rfe8 17.b4 Bd8 18.Nb3 Bc7 19.g3 Ne5 20.Be2 Ba8 21.b5 a5 22.Na4 
Ned7 23.Nb2 h6 24.Nd3 Rcd8 25.a4 Nc5 26.Nbxc5 dxc5 27.Bf1 Rd7 28.Qe2 Red8 
29.Bg2 Bb7 30.Rd2 e5 31.Bh3 Rd6 32.Nf2 Rxd2 33.Bxd2 Bc8 34.Bxc8 Qxc8 35.
Rd1 Nh7 36.Bc3 Rxd1+ 37.Qxd1 Nf6 38.Qd3 h5 39.Nd1 Qd7 40.Qxd7 Nxd7 41.Ne3 
g6 42.Nd5 Bd8 43.f4 exf4 44.gxf4 f5 45.exf5 gxf5 46.Kg2 Kf7 47.Kh3 Nf8 48.
Be5 Nd7 49.Bc7 Bxc7 50.Nxc7 Nf6 51.Kh4 Kg6 52.Ne6 Kf7 53.Nd8+ Kg6 54.Nc6 
Kf7 55.Kg5 Ne4+ 56.Kxh5 Nc3 57.Nxa5 Nxa4 58.Nc6 Nc3 59.Ne5+ Ke6 60.h4 Ne2 
61.Kg5 Ng1 62.Kg6 Ne2 63.Nd3 1-0

[Event "zonal 1.6"]
[Site "Samara RUS"]
[Date "2000.06.18"]
[Round "2"]
[White "Smirnov, Pavel"]
[Black "Scherbakov, Ruslan"]
[Result "1-0"]
[WhiteElo "2426"]
[BlackElo "2552"]
[EventDate "2000.06.03"]
[PlyCount "45"]

1.e4 c5 2.Nf3 Nc6 3.d4 cxd4 4.Nxd4 Nf6 5.Nc3 d6 6.Bg5 e6 7.Qd2 Be7 8.O-O-O
O-O 9.f4 Nxd4 10.Qxd4 Qa5 11.Kb1 h6 12.h4 Rd8 13.Bd3 Kf8 14.Qe3 Qb6 15.Qf3
Bd7 16.e5 hxg5 17.hxg5 Ng8 18.Rh8 dxe5 19.Bh7 Ke8 20.g6 Bf6 21.fxe5 Ke7 
22.Ne4 fxg6 23.Bxg8 1-0

[Event "zonal 1.6"]
[Site "Samara RUS"]
[Date "2000.06.18"]
[Round "2"]
[White "Tolstikh, Nikolai"]
[Black "Ionov, Sergei"]
[Result "1-0"]
[WhiteElo "2419"]
[BlackElo "2558"]
[EventDate "2000.06.03"]
[PlyCount "79"]

1.Nf3 Nf6 2.c4 e6 3.g3 a6 4.Bg2 b5 5.b3 c5 6.Nc3 Qb6 7.O-O Bb7 8.e3 Be7 9.
Qe2 Ne4 10.Nxe4 Bxe4 11.d3 Bc6 12.Bb2 O-O 13.Nd2 Bxg2 14.Kxg2 Qb7+ 15.Kg1 
d6 16.f4 Nd7 17.e4 Rae8 18.Rae1 a5 19.Qg4 g6 20.Qh3 f5 21.g4 fxg4 22.Qxg4 
Bf6 23.e5 dxe5 24.fxe5 Bg7 25.Rxf8+ Nxf8 26.Ne4 bxc4 27.dxc4 Rd8 28.Rf1 a4
29.Qf3 Kh8 30.Nxc5 Qb6 31.Qf2 axb3 32.axb3 Qb4 33.Bd4 g5 34.Ne4 Qxb3 35.
Nxg5 Rc8 36.Nf7+ Kg8 37.Nd6 Rc7 38.Qg2 Qd3 39.Rxf8+ Kxf8 40.Qa8+ 1-0

[Event "zonal 1.6"]
[Site "Samara RUS"]
[Date "2000.06.18"]
[Round "2"]
[White "Popov, Valery"]
[Black "Frolov, Denis"]
[Result "1-0"]
[WhiteElo "2534"]
[BlackElo "2428"]
[EventDate "2000.06.03"]
[PlyCount "73"]

1.Nf3 d5 2.d4 Nf6 3.c4 c6 4.Nc3 dxc4 5.a4 Bf5 6.e3 e6 7.Bxc4 Bb4 8.O-O 
Nbd7 9.Qe2 O-O 10.e4 Bg6 11.Bd3 Re8 12.e5 Bxd3 13.Qxd3 Nd5 14.Nxd5 cxd5 
15.Qb5 Qe7 16.Bg5 f6 17.exf6 gxf6 18.Bh4 a6 19.Qd3 Qf7 20.Qb3 a5 21.Ne1 
Nb8 22.Nc2 Bd6 23.Na3 Nc6 24.Nb5 Bb8 25.Rac1 Na7 26.Nxa7 Rxa7 27.Bg3 Ra8 
28.Bxb8 Raxb8 29.Qb6 Rbc8 30.Qxa5 e5 31.dxe5 fxe5 32.Rcd1 d4 33.f4 Rc2 34.
Rd2 Rxd2 35.Qxd2 exf4 36.Rxf4 Re2 37.Rg4+ 1-0

[Event "zonal 1.6"]
[Site "Samara RUS"]
[Date "2000.06.18"]
[Round "2"]
[White "Alavkin, Arseny"]
[Black "Ikonnikov, Viacheslav"]
[Result "0-1"]
[WhiteElo "2397"]
[BlackElo "2550"]
[EventDate "2000.06.03"]
[PlyCount "62"]

1.e4 c5 2.Nf3 Nc6 3.Bb5 g6 4.O-O Bg7 5.Re1 Nf6 6.d4 cxd4 7.e5 Nd5 8.Bxc6 
dxc6 9.Qxd4 Bf5 10.Na3 h6 11.Bd2 O-O 12.Rad1 Qb6 13.c4 Nc7 14.c5 Qa6 15.
Qh4 g5 16.Nxg5 hxg5 17.Bxg5 Rad8 18.Rc1 f6 19.Bh6 Ne6 20.exf6 exf6 21.Bxg7
Nxg7 22.Nc4 Qa4 23.Qh6 Rde8 24.Rxe8 Rxe8 25.Nd6 Re6 26.h3 Bd3 27.Nxb7 Qd4 
28.Na5 Re2 29.Rf1 Rc2 30.Nxc6 Qxb2 31.Re1 Rxf2 0-1

[Event "zonal 1.6"]
[Site "Samara RUS"]
[Date "2000.06.18"]
[Round "2"]
[White "Kornev, Alexei"]
[Black "Balashov, Yury"]
[Result "0-1"]
[WhiteElo "2384"]
[BlackElo "2534"]
[EventDate "2000.06.03"]
[PlyCount "126"]

1.e4 e5 2.Bc4 Nf6 3.d3 c6 4.Nf3 Be7 5.O-O d6 6.Nbd2 O-O 7.Re1 Nbd7 8.a3 
Nc5 9.Ba2 Re8 10.Nf1 Bf8 11.Ng3 g6 12.h3 Bg7 13.c3 d5 14.exd5 Nxd5 15.Bg5 
f6 16.Be3 Ne6 17.d4 f5 18.Bd2 e4 19.Ne5 Bxe5 20.dxe5 Qc7 21.Bh6 Qxe5 22.
Qd2 b6 23.Ne2 Ba6 24.Nd4 Nxd4 25.cxd4 Qd6 26.Rac1 Re6 27.Rc3 Rae8 28.Rec1 
Qd7 29.Rg3 Bd3 30.h4 Kf7 31.h5 Rg8 32.Rg5 Ke8 33.b4 Kd8 34.g4 Ree8 35.a4 
gxh5 36.b5 f4 37.f3 exf3 38.Bxd5 Qxg4+ 39.Rxg4 Rxg4+ 40.Kf2 Rg2+ 41.Kxf3 
Rxd2 42.Bg5+ Kc8 43.Rxc6+ Kd7 44.Bf6 Bf1 45.Kxf4 Bg2 46.Bxg2 Rxg2 47.Be5 
Re7 48.Ke4 Rg6 49.Rc3 h4 50.Rh3 Rh6 51.Kd5 Re8 52.Bf4 Rh5+ 53.Be5 Rc8 54.
Rf3 Ke7 55.Rh3 Rc2 56.Ke4 Rc4 57.Kd5 Rxa4 58.Rc3 h3 59.Rc7+ Kd8 60.Rb7 h2 
61.Rb8+ Ke7 62.Rb7+ Kf8 63.Ke6 Rxe5+ 0-1

[Event "zonal 1.6"]
[Site "Samara RUS"]
[Date "2000.06.18"]
[Round "2"]
[White "Volzhin, Alexander"]
[Black "Belitsky, Alexander"]
[Result "1/2-1/2"]
[WhiteElo "2548"]
[BlackElo "2306"]
[EventDate "2000.06.03"]
[PlyCount "128"]

1.Nf3 d5 2.d4 Nf6 3.c4 c6 4.e3 g6 5.Nc3 Bg7 6.Be2 O-O 7.O-O Ne4 8.a4 f5 9.
a5 e6 10.Ne5 Nd7 11.Nd3 Qf6 12.a6 bxa6 13.Qc2 Bb7 14.Na4 Rfc8 15.f3 Nd6 
16.b3 e5 17.Bb2 Qe7 18.Rfe1 e4 19.Ndc5 Nxc5 20.Nxc5 exf3 21.Bxf3 Ne4 22.
Bxe4 fxe4 23.Ba3 Re8 24.Nxa6 Qd8 25.Bc5 Bh6 26.Nb4 a5 27.Na2 Ba6 28.Nc3 
dxc4 29.Ra4 cxb3 30.Qxb3+ Kh8 31.d5 Rb8 32.Bd4+ Bg7 33.Bxg7+ Kxg7 34.Qd1 
Bd3 35.Qa1 Kh6 36.dxc6 Qd6 37.Rxa5 Qxc6 38.Nd5 Rf8 39.Nf4 Qb6 40.g3 Qb2 
41.Qxb2 Rxb2 42.g4 g5 43.Nxd3 exd3 44.Rd1 Rc8 45.Ra6+ Kg7 46.Rd6 Rcc2 47.
R1xd3 Rg2+ 48.Kf1 Rxh2 49.Kg1 Rhc2 50.R3d5 Rg2+ 51.Kf1 Rxg4 52.Rd7+ Kg6 
53.R5d6+ Kf5 54.Rd5+ Ke4 55.Rd4+ Kf3 56.Rf7+ Kg3 57.Rxg4+ Kxg4 58.Rxh7 Kg3
59.e4 Rf2+ 60.Kg1 Re2 61.Rf7 Rxe4 62.Rf1 g4 63.Ra1 Re3 64.Rb1 Rd3 1/2-1/2

[Event "zonal 1.6"]
[Site "Samara RUS"]
[Date "2000.06.18"]
[Round "2"]
[White "Lugovoi, Alexei"]
[Black "Sidorov, Anatoly"]
[Result "1-0"]
[WhiteElo "2515"]
[BlackElo "2339"]
[EventDate "2000.06.03"]
[PlyCount "83"]

1.d4 d5 2.c4 c6 3.Nf3 Nf6 4.Nc3 e6 5.Bg5 Nbd7 6.e3 a6 7.Bd3 dxc4 8.Bxc4 b5
9.Bb3 Bb7 10.O-O Be7 11.Re1 O-O 12.e4 c5 13.d5 exd5 14.e5 Ne4 15.Bxe7 Nxc3
16.Bxd8 Nxd1 17.Raxd1 c4 18.Be7 Rfe8 19.Bd6 cxb3 20.axb3 Nf8 21.Bxf8 Kxf8 
22.Nd4 Rac8 23.f4 g6 24.g4 Rc7 25.Rc1 Rec8 26.Rxc7 Rxc7 27.Kf2 Bc8 28.Kf3 
Ke7 29.f5 Bd7 30.Ra1 Bc8 31.Kf4 h6 32.h4 Rc5 33.Re1 gxf5 34.gxf5 a5 35.Rg1
a4 36.Rg8 Rc1 37.f6+ Kd7 38.e6+ fxe6 39.f7 Rf1+ 40.Nf3 e5+ 41.Kg3 e4 42.
Rd8+ 1-0

[Event "zonal 1.6"]
[Site "Samara RUS"]
[Date "2000.06.18"]
[Round "2"]
[White "Yashtylov, Anatoly"]
[Black "Rashkovsky, Nukhim"]
[Result "0-1"]
[WhiteElo "2319"]
[BlackElo "2523"]
[EventDate "2000.06.03"]
[PlyCount "102"]

1.d4 Nf6 2.c4 e6 3.Nc3 Bb4 4.e3 Nc6 5.Nf3 d6 6.Bd3 e5 7.Qc2 Bxc3+ 8.bxc3 
Qe7 9.d5 Nb8 10.e4 Na6 11.Bg5 h6 12.Bh4 Nc5 13.Qe2 g5 14.Nxg5 hxg5 15.Bxg5
Bg4 16.f3 Bd7 17.h4 O-O-O 18.Rf1 Rdg8 19.Bc2 Ba4 20.Bxa4 Nxa4 21.Qe3 Nc5 
22.g4 b6 23.O-O-O Ncd7 24.Qe2 Rg6 25.Qd2 Rhg8 26.Rh1 Nc5 27.Rdg1 Qe8 28.
Be3 Qa4 29.h5 R6g7 30.h6 Rh7 31.Bxc5 bxc5 32.g5 Nd7 33.Qc2 Qxc2+ 34.Kxc2 
Nf8 35.Rg4 Ng6 36.Kd2 Kd7 37.Rb1 Rhh8 38.Rb7 Rb8 39.Rxa7 Rb2+ 40.Ke3 Rh2 
41.Ra3 Nf4 42.Rxf4 exf4+ 43.Kxf4 f6 44.gxf6 Rg8 45.e5 Rh4+ 46.Ke3 dxe5 47.
Ra6 Rf8 48.h7 Rh8 49.Re6 R8xh7 50.Rxe5 Rf7 51.Re6 Rh6 0-1

[Event "zonal 1.6"]
[Site "Samara RUS"]
[Date "2000.06.18"]
[Round "2"]
[White "Sultanov, Alexander"]
[Black "Poluliakhov, Alexander"]
[Result "0-1"]
[WhiteElo "2294"]
[BlackElo "2526"]
[EventDate "2000.06.03"]
[PlyCount "76"]

1.d4 d6 2.c4 e5 3.Nf3 e4 4.Nfd2 f5 5.e3 Nf6 6.Nc3 c6 7.f3 d5 8.cxd5 cxd5 
9.fxe4 fxe4 10.Be2 Nc6 11.O-O Be6 12.Nb3 b6 13.Bd2 a6 14.Be1 Bd6 15.Rc1 
Ne7 16.Bh5+ Ng6 17.Bh4 O-O 18.Bxg6 hxg6 19.Qe1 Qb8 20.h3 Ra7 21.Ne2 Raf7 
22.Bg3 Bd7 23.Bxd6 Qxd6 24.Qg3 Qxg3 25.Nxg3 Bb5 26.Rf2 Ne8 27.Rxf7 Kxf7 
28.Rc8 Ke7 29.Nc1 Kd7 30.Rc2 Nd6 31.b3 a5 32.a4 Ba6 33.Rc3 Nf5 34.Nge2 g5 
35.g3 Ne7 36.Kg2 Rf3 37.Ng1 Bf1+ 38.Kh2 Rf2+ 0-1

[Event "zonal 1.6"]
[Site "Samara RUS"]
[Date "2000.06.18"]
[Round "2"]
[White "Kharlov, Andrei"]
[Black "Utnasunov, Alexander"]
[Result "1-0"]
[WhiteElo "2616"]
[BlackElo "2175"]
[EventDate "2000.06.03"]
[PlyCount "79"]

1.e4 c5 2.Nf3 d6 3.d4 Nf6 4.Nc3 cxd4 5.Nxd4 g6 6.Be2 Bg7 7.O-O O-O 8.Re1 
Nc6 9.Nb3 Bd7 10.Bf1 Rc8 11.h3 Ne5 12.Be3 b6 13.Nd2 Bc6 14.Ba6 Rb8 15.a4 
Ned7 16.Bd4 e5 17.Be3 d5 18.Bg5 d4 19.Nd5 h6 20.Nxf6+ Nxf6 21.Bxf6 Bxf6 
22.Qe2 Qd7 23.b3 Be7 24.Nf3 Bd6 25.Qd2 Kh7 26.c3 Qe7 27.cxd4 Bb4 28.Qc2 
Bxe1 29.Qxc6 Bb4 30.Nxe5 Rbd8 31.Qc4 Bc5 32.Nf3 Bd6 33.e5 Bb8 34.Re1 Qd7 
35.Qd3 Qe7 36.h4 Kg7 37.Bc4 Rfe8 38.h5 g5 39.Qf5 Qd7 40.Qf6+ 1-0

[Event "zonal 1.6"]
[Site "Samara RUS"]
[Date "2000.06.19"]
[Round "3"]
[White "Totsky, Leonid"]
[Black "Zviagintsev, Vadim"]
[Result "0-1"]
[WhiteElo "2524"]
[BlackElo "2641"]
[EventDate "2000.06.03"]
[PlyCount "114"]

1.e4 c5 2.Nf3 d6 3.Bc4 Nf6 4.d3 Nc6 5.c3 g6 6.O-O Bg7 7.h3 O-O 8.Bb3 b6 9.
Re1 Ne5 10.d4 Nxf3+ 11.Qxf3 Bb7 12.Bg5 b5 13.Nd2 Qb6 14.Qe3 e6 15.Rad1 
cxd4 16.Qxd4 Qxd4 17.cxd4 Rfc8 18.f3 Nd7 19.Be3 Nb6 20.Rc1 d5 21.e5 a5 22.
a3 Bf8 23.Kf2 Ba6 24.Rc2 a4 25.Rxc8 Rxc8 26.Bd1 b4 27.axb4 Bxb4 28.Be2 
Bxe2 29.Rxe2 Kf8 30.Nb1 Nc4 31.Rc2 Rb8 32.Ke2 Ke8 33.Bc1 Kd7 34.Kd1 Ba5 
35.Nc3 Bxc3 36.bxc3 Kc6 37.Ra2 Kb5 38.Kc2 Ka5 39.Ra1 Rb3 40.Ra2 Kb5 41.Ra1
Nb6 42.Kd3 Nc4 43.Kc2 Ka5 44.Ra2 Rb7 45.Ra1 Kb5 46.Rb1+ Kc6 47.Ra1 Ra7 48.
g4 h5 49.g5 Ra6 50.Ra2 a3 51.Kb3 Rb6+ 52.Kc2 Kb5 53.Kb3 Ka5+ 54.Kc2 Ka4 
55.Ra1 Rb3 56.Ra2 Na5 57.Be3 Rb2+ 0-1

[Event "zonal 1.6"]
[Site "Samara RUS"]
[Date "2000.06.19"]
[Round "3"]
[White "Dolmatov, Sergei"]
[Black "Lugovoi, Alexei"]
[Result "1-0"]
[WhiteElo "2615"]
[BlackElo "2515"]
[EventDate "2000.06.03"]
[PlyCount "147"]

1.e4 d6 2.d4 Nf6 3.Bd3 e5 4.c3 Nc6 5.Nf3 g6 6.O-O Bg7 7.h3 O-O 8.Re1 h6 9.
Be3 Qe7 10.Nbd2 Nh7 11.Nf1 f5 12.dxe5 dxe5 13.exf5 gxf5 14.Bc4+ Kh8 15.g3 
Be6 16.Nh4 Rf6 17.Bxe6 Qxe6 18.f4 Rd8 19.Qb3 Qxb3 20.axb3 exf4 21.Bxf4 Ng5
22.Kg2 Ne6 23.b4 a6 24.Rad1 Rg8 25.Ne3 Bf8 26.Nd5 Nxf4+ 27.Nxf4 Bd6 28.Kf2
Ne5 29.Re2 Nc4 30.Nh5 Rf7 31.Nf3 Kh7 32.Rd4 Nb6 33.Ne5 Bxe5 34.Rxe5 Rg5 
35.Nf4 Nd7 36.Re3 Nf6 37.Rf3 Re7 38.Kg2 Re1 39.Rdd3 Rb1 40.Rf2 Ne4 41.Re2 
Rg7 42.Ne6 Re7 43.Nd4 Rf7 44.g4 Nd6 45.gxf5 Nxf5 46.Nxf5 Rxf5 47.Rd7+ Kg6 
48.Rxc7 Rg5+ 49.Kh2 Rb5 50.Re6+ Kf5 51.Rxh6 Rxb2+ 52.Kg3 Ke4 53.Re6+ Kd3 
54.h4 Rb1 55.Rf6 Rg1+ 56.Kh2 Rg4 57.Kh3 Re4 58.Rf3+ Kc2 59.Rg7 Rc4 60.Rg5 
Rb6 61.Rg4 Rxc3 62.Rxc3+ Kxc3 63.h5 a5 64.bxa5 Rb5 65.h6 Rxa5 66.h7 Rh5+ 
67.Rh4 Rxh7 68.Rxh7 b5 69.Rc7+ Kb3 70.Kg3 b4 71.Kf2 Ka2 72.Ke2 b3 73.Ra7+ 
Kb1 74.Kd2 1-0

[Event "zonal 1.6"]
[Site "Samara RUS"]
[Date "2000.06.19"]
[Round "3"]
[White "Shariazdanov, Andrei"]
[Black "Iliushin, Alexei"]
[Result "1/2-1/2"]
[WhiteElo "2612"]
[BlackElo "2515"]
[EventDate "2000.06.03"]
[PlyCount "111"]

1.d4 e6 2.c4 f5 3.Nc3 Nf6 4.Nf3 Bb4 5.Qb3 a5 6.e3 b6 7.Be2 Bb7 8.O-O O-O 
9.c5 bxc5 10.a3 c4 11.Qxc4 Ba6 12.Qa2 Bxe2 13.Nxe2 Bd6 14.Nc3 c6 15.Qb1 
Na6 16.Bd2 Nc7 17.Qc2 Qe8 18.Ne5 Nfd5 19.Nxd5 Nxd5 20.f3 Bxe5 21.dxe5 Qb8 
22.e4 fxe4 23.fxe4 Qb6+ 24.Kh1 Qb5 25.Kg1 Nb6 26.Bc3 Nc4 27.Qd3 Rxf1+ 28.
Rxf1 Qc5+ 29.Bd4 Nxe5 30.Qd1 Qd6 31.Bxe5 Qxe5 32.Qxd7 Rf8 33.Rxf8+ Kxf8 
34.Qxc6 Qxb2 35.Qc5+ Kf7 36.Qxa5 Qb1+ 37.Kf2 Qxe4 38.Qc7+ Kf8 39.Qc3 Kg8 
40.h3 h5 41.Qb4 Qc2+ 42.Kf3 Qd3+ 43.Kf2 Qc2+ 44.Kg3 h4+ 45.Kh2 Qc7+ 46.Kg1
Qc1+ 47.Kf2 Qc2+ 48.Kf1 Qc1+ 49.Ke2 Qc2+ 50.Kf1 Qc1+ 51.Qe1 Qf4+ 52.Kg1 
Qd4+ 53.Kh1 e5 54.Qb4 Qe3 55.Qc4+ Kf8 56.Qxh4 1/2-1/2

[Event "zonal 1.6"]
[Site "Samara RUS"]
[Date "2000.06.19"]
[Round "3"]
[White "Ibragimov, Ildar"]
[Black "Loginov, Valery"]
[Result "1/2-1/2"]
[WhiteElo "2611"]
[BlackElo "2512"]
[EventDate "2000.06.03"]
[PlyCount "101"]

1.Nf3 Nf6 2.c4 g6 3.d4 Bg7 4.g3 O-O 5.Bg2 c6 6.Nc3 d6 7.O-O Bf5 8.Bg5 Ne4 
9.Nxe4 Bxe4 10.Qd2 Nd7 11.Rfd1 Re8 12.Ne1 Bxg2 13.Kxg2 c5 14.Nf3 cxd4 15.
Nxd4 Ne5 16.Rac1 d5 17.Nf3 Nxf3 18.exf3 d4 19.h4 h5 20.b4 Qd7 21.Qd3 Rac8 
22.c5 a6 23.Qb3 e5 24.Rc2 Kh7 25.a4 f6 26.Bc1 f5 27.Bb2 Red8 28.b5 axb5 
29.axb5 Qd5 30.Qxd5 Rxd5 31.Ba3 Bf8 32.Rdc1 b6 33.Rc4 d3 34.Bb4 Bxc5 35.
Bxc5 d2 36.Rd1 Kg8 37.Kf1 Kf7 38.Ke2 Rcxc5 39.Rxc5 Rxc5 40.Rxd2 Rxb5 41.
Rd6 Rb2+ 42.Ke3 Rb3+ 43.Ke2 Rb4 44.Rc6 e4 45.f4 Rb3 46.Rc7+ Kf6 47.Rc6+ 
Kg7 48.Rc7+ Kh6 49.Kf1 Rb2 50.Rb7 b5 51.Kg1 1/2-1/2

[Event "zonal 1.6"]
[Site "Samara RUS"]
[Date "2000.06.19"]
[Round "3"]
[White "Galliamova-Ivanchuk, Alisa"]
[Black "Dvoirys, Semen"]
[Result "0-1"]
[WhiteElo "2515"]
[BlackElo "2591"]
[EventDate "2000.06.03"]
[PlyCount "30"]

1.d4 Nf6 2.c4 g6 3.Nc3 d5 4.Nf3 Bg7 5.Qb3 dxc4 6.Qxc4 O-O 7.Bf4 Bf5 8.Qxc7
Nc6 9.Qxb7 Nxd4 10.O-O-O Ne4 11.Nxe4 Bxe4 12.Qxe4 Nb3+ 13.axb3 Rc8+ 14.Qc4
Qb6 15.Nd2 Qf6 0-1